International political economy (Record no. 395289)

MARC details
000 -LEADER
fixed length control field 00521 a2200205 4500
005 - DATE & TIME
control field 20260213162601.0
008 - FIXED-LENGTH DATA ELEMENTS--GENERAL INFORMATION
fixed length control field 260212b |||||||| |||| 00| 0 eng d
020 ## - ISBN
International Standard Book Number 9781032447933
Price £ 48.99
040 ## - CATALOGING SOURCE
Original cataloging agency VIVEKANANDA LIBRARY
082 ## - DDC NUMBER
Classification number 337
Book Number O1I(7)
100 ## - MAIN ENTRY--PERSONAL NAME
Personal name Oatley, Thomas
245 ## - TITLE STATEMENT
Title International political economy
250 ## - EDITION STATEMENT
Edition statement 7th
260 ## - PUBLICATION, DISTRIBUTION, ETC. (IMPRINT)
Name of publisher, distributor, etc Routledge
Date of publication, distribution, etc 2023
Place of publication, distribution, etc new York
300 ## - PHYSICAL DESCRIPTION
Pages xvii, 413
650 ## - Subject
Subject Economics
650 ## - Subject
Subject Political Economy
650 ## - Subject
Subject International Political Theory
942 ## - ADDED ENTRY ELEMENTS (KOHA)
Koha item type Books
Holdings
Withdrawn status Lost status Source of classification or shelving scheme Damaged status Not for loan Location (home branch) Sublocation or collection (holding branch) Shelving location Date acquired Koha issues (times borrowed) Koha full call number Accession No. Koha date last seen Koha item type
    Dewey Decimal Classification     VIVEKANANDA LIBRARY VIVEKANANDA LIBRARY Vivekananda Library 27/01/2026   337 O1I (7) 444261 27/01/2026 Books
© Designed and Maintained by Vivekananda Library, MDU Rohtak